Sports Quiz

Random Sports Quiz

Wellington Phoenix 2011/12 squad Quiz Stats

 Plays Quiz not verified by Sporcle

Challenge
Share
Tweet
Embed
Score 0/21 Timer 05:00
0 Plays Today
Posistion Player % Correct
GKMark Paston
96.2%
CB (c)Andrew Durante
92.4%
CBBen Sigmund
91.1%
WM Leo Bertos
89.9%
WM/SPaul Ifill
87.3%
WB/CMManny Muscat
86.1%
CMVince Lia
84.8%
WBTony Lochhead
82.3%
SChris Greenacre
82.3%
CMTim Brown
79.7%
WMDaniel
78.5%
Posistion Player % Correct
GKTony Warner
74.7%
SMirjan Pavlovic
60.8%
AM/CMDani Sanchez
58.2%
S/CMAlex Smith
57%
CMNick Ward
53.2%
WB/WM/CMJimmy Downey
48.1%
CBBrent Griffiths
48.1%
WMLucas Pantelis
48.1%
WB/CMCameron Lindsay
46.8%
WBNikolas Tsattalios
44.3%

You're not logged in!

Compare scores with friends on all Sporcle quizzes.
Join for Free
OR
Log In

You Might Also Like...

Show Comments

Extras

Top Quizzes Today


Score Distribution

Your Account Isn't Verified!

In order to create a playlist on Sporcle, you need to verify the email address you used during registration. Go to your Sporcle Settings to finish the process.

Report this User

Report this user for behavior that violates our Community Guidelines.

Details: